Efficiency of the Active Labour Market Policies: Evidence from the Slovak Republic
Analýza efektívnostui aktívnych politík trhu práce (APTP) na Slovensku. Účinok APTP v porovnaní s inými faktormi pre zamestnateľnosť uchádzačov o zamestnanie. Výkonnosť APTP.
Na minha lista:
| Autor principal: | |
|---|---|
| Outros Autores: | , |
| Formato: | Capítulo de Livro |
| Idioma: | inglês |
| Assuntos: | |
| Tags: |
Sem tags, seja o primeiro a adicionar uma tag!
|
MARC
| LEADER | 00000naa a2200000 4500 | ||
|---|---|---|---|
| 001 | 0250911 | ||
| 005 | 20190212111645.3 | ||
| 041 | 0 | |a eng | |
| 044 | |a SK | ||
| 245 | 1 | 0 | |a Efficiency of the Active Labour Market Policies: Evidence from the Slovak Republic |c Katarína Karasová, Vladimír Baláž, Zuzana Polačková |
| 520 | |a Analýza efektívnostui aktívnych politík trhu práce (APTP) na Slovensku. Účinok APTP v porovnaní s inými faktormi pre zamestnateľnosť uchádzačov o zamestnanie. Výkonnosť APTP. | ||
| 610 | 2 | 0 | |a politika zamestnanosti |
| 610 | 2 | 0 | |a Slovensko |
| 610 | 2 | 0 | |a trh práce |
| 610 | 2 | 0 | |a zamestnanosť |
| 610 | 2 | 0 | |a vývoj populačný |
| 610 | 2 | 0 | |a demografia |
| 100 | 1 | |a Karasová, Katarína | |
| 700 | 1 | |a Baláž, Vladimír | |
| 700 | 1 | |a Polačková, Zuzana | |